El resultado en Derecho Penal

Shranjeno v:
Bibliografske podrobnosti
Glavni avtor: Laurenzo Copello, Patricia (Author)
Format: Knjiga
Jezik:španščina
Izdano: Valencia Tirant Lo Blanch 1992
Izdaja:1a. ed
Teme:
Oznake: Označite
Brez oznak, prvi označite!

MARC

LEADER 00000cam a2200000 a 4500
001 UCC5304
003 CL-VaPUC
008 181005e19920000sp |||||||||||||||||spa|d
020 |a 8480020709 
082 0 4 |a 345  |b LAU  |2 21 
100 |a Laurenzo Copello, Patricia  |e author  |9 604680 
245 1 3 |a El resultado en Derecho Penal 
250 |a 1a. ed 
300 |a 197 p 
942 |c BK 
945 |d 20181005 11:02:00  |a dcastane 
260 |a Valencia  |b Tirant Lo Blanch  |c 1992 
650 7 |a DERECHO PENAL  |2 CL-VaPUC  |9 11 
650 7 |a RESULTADOS  |2 CL-VaPUC  |9 372968 
583 |a last modification  |c 20181005 11:02:00  |k Rodrigo Vera 
999 |c 372557  |d 372555 
952 |0 0  |1 0  |3 erb  |4 0  |6 345_000000000000000_LAU_1992  |7 0  |8 A  |9 490240  |a BIBDER  |b BIBDER  |e Mateluna Arestizabal, Alfredo Sergio  |i 5489326  |l 1  |m 1  |o 345 LAU 1992  |p 5489326  |r 2024-11-26  |s 2024-11-08  |w 2019-11-24  |y BK  |z Catalogado en:20181005  |k DER